000
00260nam a22001217a 4500
003
SGT
082
_a
347.05
_b
SAR
100
_a
SARKAR ,SUDIPTO
245
_a
CODE OF CIVIL PROCEDURE
260
_a
NAGPUR
_b
WADHWA
_c
2006
300
_a
CCVII, 1571
942
_2
ddc
_c
BK
999
_c
25075
_d
25075